Statistics for 23 Enigma

Click here to take the quiz!

General Stats

  • This quiz has been taken 23 times
  • The average score is 8 of 18

Answer Stats

InstancesAnswer% Correct
This former Dictator of The Roman Republic was stabbed 23 times when he was killed.Julius Caesar
94%
This ship sank the morning of April 15th, 1912 (4 + 1 + 5 + 1 + 9 + 1 + 2 = 23)Titanic
76%
This country was victim to terrorist attacks on 9/11/2001, 9 + 11 + 2 + 1 = 23.USA
76%
"On the Origin of Species" was written by this naturalist. It was written in 1859 - 1+8+5+9 = 23.Charles Darwin
65%
This planet is inclined on it's orbital plane by 23.5 degrees. The "point-five" can be represented as 5 = 2 + 3.The Earth
65%
"Little Boy" was dropped on this city at 8.15am - 8+15= 23.Hiroshima
59%
Luke Skywalker, Han Solo and Chewbacca sneak into detention block AA23 to rescue who?.Princess Leia
59%
This English Playwright was born on 23 April and died on 23 April.William Shakespeare
53%
The lead characters in this Coen brothers' film always used Lane 23 at the bowling alley.The Big Lebowski
41%
He starred in the 2007 film "The Number 23".Jim Carrey
35%
This Musician was born in 1967 and died in 1994 - 1+9+6+7= 23, 1+9+9+4 = 23.Kurt Cobain
35%
This American serial killer was allegedly executed on January 23, 1989. The records show that he was actually executed January 24, 1989 at 7:16 AM (7 + 16 = 23).Ted Bundy
35%
Russell Crowe portrayed John Forbes Nash, who was obsessed with 23, in this 2001 film.A Beautiful Mind
29%
This Depression-era American gangster robbed 26 banks, but only 23 for money.John Dillinger
24%
This former Swedish Prime Minister was assassinated at around 23:23 local time in 1986Olaf Palme
18%
This Catholic Military Order founded in 1119 had 23 Grand Masters.Knights Templar
12%
"Naked Lunch" and "Junkie" Author who was obsessed with 23.William S. Burroughs
12%
In this 1970 disaster movie, the bomber has seat 23.Airport
0%

Score Distribution

Percentile by Number Answered

Percent of People with Each Score

Your Score History

You have not taken this quiz